Statistics for Celtic Woman Discography

Click here to take the quiz!

General Stats

  • This quiz has been taken 4 times
    (3 since last reset)
  • The average score is 12 of 21

Answer Stats

TypeYearName% Correct
Album2018Ancient Land
100%
Album2015Celtic Woman: Destiny
100%
Album2016Celtic Woman: Voices of Angels
100%
Compilation2020Celebration: 15 Years of Music and Magic
67%
Album2005Celtic Woman
67%
Album2007Celtic Woman: A New Journey
67%
Compilation2011Celtic Woman: Believe
67%
Album2014Celtic Woman: Emerald - Musical Gems
67%
Live Album2017Celtic Woman: Homecoming Live from Ireland
67%
Album2011Celtic Woman: Lullaby
67%
Holiday Album2019The Magic of Christmas
67%
Holiday Album2011Celtic Woman: A Celtic Christmas
33%
Holiday Album2008Celtic Woman: A Celtic Family Christmas
33%
Holiday Album2006Celtic Woman: A Christmas Celebration
33%
Album2011Celtic Woman: An Irish Journey
33%
Holiday Album2012Celtic Woman: Home for Christmas
33%
Holiday Album2014Celtic Woman: O Christmas Tree
33%
Holiday Album2012Celtic Woman: Silent Night
33%
Album2010Celtic Woman: Songs from the Heart
33%
Holiday Compilation2017Celtic Woman: The Best of Christmas
33%
Compilation2008Celtic Woman: The Greatest Journey - Essential Collection
33%

Score Distribution

Percentile by Number Answered

Percent of People with Each Score

Your Score History

You have not taken this quiz since the last reset